000 01235nam a2200325Ia 4500
001 ebr10658953
003 CaPaEBR
006 m u
007 cr cn|||||||||
008 080411s2008 nyua sb 001 0 eng d
010 _z 2008016990
020 _z9781604567045 (harcover)
020 _z9781617618055
040 _aCaPaEBR
_cCaPaEBR
035 _a(OCoLC)670428977
050 1 4 _aQC176.8.N35
_bN3553 2008eb
082 0 4 _a620/.5
_222
245 0 0 _aNanoparticles
_h[electronic resource] :
_bnew research /
_cSimone Luca Lombardi, editor.
260 _aNew York :
_bNova Science Publishers,
_cc2008.
300 _axii, 412 p. :
_bill. (some col.)
504 _aIncludes bibliographical references and index.
533 _aElectronic reproduction.
_bPalo Alto, Calif. :
_cebrary,
_d2013.
_nAvailable via World Wide Web.
_nAccess may be limited to ebrary affiliated libraries.
650 0 _aNanostructures.
650 0 _aNanostructured materials.
650 0 _aNanoparticles.
655 7 _aElectronic books.
_2local
700 1 _aLombardi, Simone Luca.
710 2 _aebrary, Inc.
856 4 0 _uhttp://site.ebrary.com/lib/rucke/Doc?id=10658953
_zAn electronic book accessible through the World Wide Web; click to view
999 _c63863
_d63863